| 000 | 00572cam a2200193ua 4500 | ||
|---|---|---|---|
| 001 | 978 | ||
| 005 | 20260515113243.0 | ||
| 008 | 110425n ii |||gr||||Z||||||eng | ||
| 020 | _a81-7117-072-2 | ||
| 040 | _cMAIN | ||
| 082 | _a323.6329541 | ||
| 245 | 1 | _aNationality, ethnicity and cultural identity in north-east India | |
| 250 |
_a1st / _bedited by B. Pakem. |
||
| 260 |
_aGuwahati: _bOmsons publications,990. |
||
| 300 |
_aviii, 388p: _c20cm. |
||
| 653 | _aPolitical science | ||
| 653 | _aNationality, ethnicity and cultural identity in north-east India | ||
| 942 | _cBK | ||
| 999 |
_c897 _d897 |
||